| 000 | 00604nam a2200241 a 4500 | ||
|---|---|---|---|
| 001 | 0001-0998 | ||
| 003 | ELIB.Books | ||
| 008 | 141015 2010 eng | ||
| 020 | _aKBTS; Elib. | ||
| 035 | _a(ELIB.Books)0001-1152 | ||
| 092 |
_a301.42 _bRud |
||
| 100 | _aRudisill, Earl S. | ||
| 245 | _aFor Fathers Only | ||
| 260 |
_aPhiladelphi _bMuhlenberd Press _c1953 |
||
| 300 |
_a168 _c19 Cm |
||
| 500 | _aDr. Yahalaylayla | ||
| 650 | _aSocial; Fathers | ||
| 856 |
_nKBTS; Library _uKBTS; Elib. |
||
| 942 |
_2ddc _cBK |
||
| 990 | _a1 | ||
| 998 |
_cbat _e2014-10-15 |
||
| 999 |
_c10998 _d10998 |
||